01065nam a2200253 i 4500001000400000100003400004245016500038260006600203300002100269490003300290505002000323600006100343600003100404651004700435651005400482655001900536700003000555830002900585020004200614040000800656041000800664008004100672856009800713bgj1 aLINCOLN, Abrahamd(1809-1865)10aSpeeches and Writings 1832-1858 :bspeeches, letters and miscellaneous writings : the Lincoln-Douglas debates /cAbraham Lincoln ; [ed. by] Don E. Fehrenbacher. aNew York :bLiterary Classics of the United States,cc. 1989. a898 pp ;c21 cm.1 aThe Library of America ;v45 aIncludes index.19aAbraham Lincoln, 1809-1865xPolitical career before 186119aAbraham Lincoln, 1809-1865 9aIllinoisxPolitics and governmentyTo 1865 9aUnited StatesxPolitics and governmenty1849-1861 aCorrespondence1 aFEHRENBACHER, Don E.eed. aThe Library of America ; a0940450437 (alk. paper) (hbk, jacket) cBPK0 aeng s uk f |000 0 eng  uhttp://koha.tu.koszalin.pl/cgi-bin/koha/opac-detail.pl?biblionumber=47228yKatalog online BPK